T.V Towns or Cities Quiz Stats

 Plays Quiz not verified by Sporcle

Challenge
Share
Tweet
Embed
Score 0/20 Timer 08:00
0 Plays Today
T.V Show Town or City % Correct
The SimpsonsSpringfield
96.8%
Family GuyQuahog
75.5%
Everybody Hates ChrisBroklyn
60.6%
SpongeBob Square PantsBikini Bottom
57.4%
The Office (USA)Scranton
55.3%
NCISLos Angeles
43.6%
Modern FamilyLos Angeles
38.3%
Malcolm in the MiddleRuislip
38.3%
OutnumberedLondon
38.3%
Futuramanew new york
31.9%
T.V Show Town or City % Correct
South ParkColorado
23.4%
Everybody Loves RaymondLong Island
21.3%
iCarlySeattle
18.1%
The Office (UK)Slough
14.9%
American dad!Langley Falls
9.6%
Fireman SamPontypandy
8.5%
Postman PatGreendale
7.4%
Fairly Odd ParentsDimmsdale
6.4%
Fawlty TowersTorquay
6.4%
The MiddleOrson
1.1%

You're not logged in!

Compare scores with friends on all Sporcle quizzes.
Join for Free
OR
Log In

You Might Also Like...

Show Comments

Extras

Top Quizzes Today


Score Distribution

Your Account Isn't Verified!

In order to create a playlist on Sporcle, you need to verify the email address you used during registration. Go to your Sporcle Settings to finish the process.

Report this User

Report this user for behavior that violates our Community Guidelines.

Details: